000
00276nam a2200109Ia 4500
008
200302s9999 xx 000 0 und d
100
_a
Marta Serrats
245
_a
Terraces, Balconies, Roofgardens and Patios
260
_b
Loft Publications
260
_c
2010
300
_a
599 P.,
999
_c
3130
_d
3130